The international relations of the contemporary Middle East : (Record no. 21801)

MARC details
000 -LEADER
fixed length control field 01029cam a22002775a 4500
001 - CONTROL NUMBER
control field 17637542
005 - DATE AND TIME OF LATEST TRANSACTION
control field 20201128023741.0
008 - FIXED-LENGTH DATA ELEMENTS--GENERAL INFORMATION
fixed length control field 130225s2014 enk frb 001 0 eng d
020 ## - INTERNATIONAL STANDARD BOOK NUMBER
International Standard Book Number 9780415661355
040 ## - CATALOGING SOURCE
Original cataloging agency DLC
Language of cataloging eng
Transcribing agency DLC
Modifying agency DLC
-- EG-ScBUE
043 ## - GEOGRAPHIC AREA CODE
Geographic area code aw-----
082 04 - DEWEY DECIMAL CLASSIFICATION NUMBER
Edition number 22
Classification number 327.56
Item number INT
245 04 - TITLE STATEMENT
Title The international relations of the contemporary Middle East :
Remainder of title subordination and beyond /
Statement of responsibility, etc edited by Tareq Y. Ismael and Glenn E. Perry.
260 ## - PUBLICATION, DISTRIBUTION, ETC. (IMPRINT)
Place of publication, distribution, etc Oxon ;
-- New York :
Name of publisher, distributor, etc Routledge / Taylor & Francis Group,
Date of publication, distribution, etc 2014.
300 ## - PHYSICAL DESCRIPTION
Extent xiii, 276 p. :
Dimensions 25 cm.
500 ## - GENERAL NOTE
General note Index : p. [263]-276.
504 ## - BIBLIOGRAPHY, ETC. NOTE
Bibliography, etc Includes bibliographical references.
650 #7 - SUBJECT ADDED ENTRY--TOPICAL TERM
Topical term or geographic name as entry element International relations.
Source of heading or term BUEsh
9 (RLIN) 1135
650 #0 - SUBJECT ADDED ENTRY--TOPICAL TERM
Topical term or geographic name as entry element World politics
Chronological subdivision 1989-
Source of heading or term BUEsh
650 #0 - SUBJECT ADDED ENTRY--TOPICAL TERM
Topical term or geographic name as entry element Globalization
Geographic subdivision Middle East
General subdivision Social aspects.
Source of heading or term BUEsh
651 #0 - SUBJECT ADDED ENTRY--GEOGRAPHIC NAME
Geographic name Middle East
General subdivision Foreign relations.
Source of heading or term BUEsh
653 ## - INDEX TERM--UNCONTROLLED
Resource For college BAEPS, Political Science
Arrived date list May2016
700 1# - ADDED ENTRY--PERSONAL NAME
Personal name Ismael, Tareq Y.
Relator term editor.
700 1# - ADDED ENTRY--PERSONAL NAME
Personal name Perry, Glenn E.
Fuller form of name (Glenn Earl),
Dates associated with a name 1940-
Relator term editor.
942 ## - ADDED ENTRY ELEMENTS (KOHA)
Source of classification or shelving scheme Dewey Decimal Classification
Holdings
Withdrawn status Item status Source of classification or shelving scheme Damaged status Not for loan Vendor Home library Current library Shelving location Date acquired Source of acquisition Cost, normal purchase price Serial Enumeration / chronology Total Checkouts Total Renewals Full call number Barcode Date last seen Date last borrowed Cost, replacement price Koha item type
    Dewey Decimal Classification     Alahram Central Library Central Library First floor 23/05/2016 Purchase 352.00 5 3 9 327.56 INT 000032573 15/07/2025 16/12/2019 440.00 Book - Borrowing